The virgin & the gipsy : with etchings by Dodie Masterman /

Bibliographic Details
Main Author: Lawrence, D. H. (David Herbert), 1885-1930 (Author)
Other Authors: Masterman, Dodie, 1918-2009 (Illustrator)
Format: Book
Language:English
Published: London : The Folio Society, 1955.
Subjects:

MARC

Tag First Indicator Second Indicator Subfields
LEADER 00000cam a2200000 i 4500
001 in00004720321
008 780525s1955 enka 000 1 eng d
005 20230518143735.5
035 |a (OCoLC)ocm03928017 
035 |a (OCoLC)ocm03928017 
040 |a OKT  |b eng  |e rda  |c OKT  |d VPI  |d UKM  |d OCLCQ  |d OCLCG  |d UKMGB  |d OCLCQ  |d EEM  |d OCLCF  |d OCLCO  |d OCLCQ 
015 |a GB5513782  |2 bnb 
016 7 |a 002094554  |2 Uk 
019 |a 1063161780  |a 1221767699 
035 |a (OCoLC)3928017  |z (OCoLC)1063161780  |z (OCoLC)1221767699 
050 4 |a PR6023.A93  |b V5 1955 
082 0 4 |a 820.81  |b L419, Vi, 1955 
100 1 |a Lawrence, D. H.  |q (David Herbert),  |d 1885-1930,  |e author. 
245 1 4 |a The virgin & the gipsy :  |b with etchings by Dodie Masterman /  |c D.H. Lawrence. 
246 3 |a Virgin and the gipsy 
246 3 |a Virgin and the gypsy 
264 1 |a London :  |b The Folio Society,  |c 1955. 
300 |a 154 pages :  |b illustrations ;  |c 23 cm 
336 |a text  |b txt  |2 rdacontent 
337 |a unmediated  |b n  |2 rdamedia 
338 |a volume  |b nc  |2 rdacarrier 
340 |m 8vo.  |2 rdabf 
500 |a Accession #: 2020_0001 
500 |a The Cushing Library Lit/Mitchell copy is a donation from J. Lawrence Mitchell. 
500 |a Issued in slip-case. 
650 0 |a Romanies  |v Fiction. 
650 0 |a Young women  |v Fiction. 
650 6 |a Tsiganes  |v Romans, nouvelles, etc. 
650 6 |a Jeunes femmes  |v Romans, nouvelles, etc. 
650 7 |a Romanies.  |2 fast  |0 (OCoLC)fst01100080 
650 7 |a Young women.  |2 fast  |0 (OCoLC)fst01183301 
655 7 |a novels.  |2 aat 
655 7 |a Fiction.  |2 fast  |0 (OCoLC)fst01423787 
655 7 |a Novels.  |2 fast  |0 (OCoLC)fst01921742 
655 7 |a Novels.  |2 lcgft 
655 7 |a Fiction.  |2 lcgft 
655 7 |a Romans.  |2 rvmgf 
700 1 |a Masterman, Dodie,  |d 1918-2009,  |e illustrator. 
029 1 |a AU@  |b 000006154735 
029 1 |a AU@  |b 000020896249 
029 1 |a UKMGB  |b 002094554 
994 |a Z0  |b TXA 
948 |h HELD BY TXA - 41 OTHER HOLDINGS 
999 f f |s 1408918c-f0c3-4fb0-ba9f-cab3d9f938a3  |i 38e1ce0a-43b8-4a08-ba75-d0406e725d07  |t 0 
952 f f |p noncirc  |a Texas A&M University  |b College Station  |c Cushing Memorial Library & Archives  |d Cushing: Literature/Mitchell (Does not check out)  |t 0  |e PR6023 A93 V5 1955  |h Library of Congress classification  |i unmediated -- volume  |m A1485307549D 
998 f f |a PR6023 A93 V5 1955  |t 0  |l Cushing: Literature/Mitchell (Does not check out)